000 00561nam a2200169 4500
999 _c4377
_d4377
008 160906b xxu||||| |||| 00| 0 eng d
022 _a2094-8042
082 _aDPer 370.105 M72 Jan-Dec 2012 V. 60-61
100 _914176
_aCulang, Marcelina, A.
243 _aThe modern teacher
245 _aValues education:
_bteaching by role modeling/
_cMarcelina, A. Culang.
260 _aPhilippines:
_bIn the Grade School, Inc.,
_c©2012.
300 _aV61 n3, pages 97-99;
_c28 cm.
500 _aThe Modern Teacher
650 0 _914177
_aValues
942 _2ddc
_cPER